Welcome to CU Library Online Public Access Catalogue (OPAC)

Principles of Administrative Law / (Record no. 4525)

MARC details
000 -LEADER
fixed length control field 00437nam a22001457a 4500
005 - DATE AND TIME OF LATEST TRANSACTION
control field 20250305194841.0
008 - FIXED-LENGTH DATA ELEMENTS--GENERAL INFORMATION
fixed length control field 250305b |||||||| |||| 00| 0 eng d
050 ## - LIBRARY OF CONGRESS CALL NUMBER
Classification number KD4879 STO
100 ## - MAIN ENTRY--PERSONAL NAME
Personal name Stott, David
245 ## - TITLE STATEMENT
Title Principles of Administrative Law /
Remainder of title Stott, David
260 ## - PUBLICATION, DISTRIBUTION, ETC.
Place of publication, distribution, etc. London
Name of publisher, distributor, etc. Cavendish Publishing Ltd.
Date of publication, distribution, etc. c1997.
300 ## - PHYSICAL DESCRIPTION
Extent xxxix, 380 p, ;
500 ## - GENERAL NOTE
General note Includes bibliographical references and index.
942 ## - ADDED ENTRY ELEMENTS (KOHA)
Source of classification or shelving scheme Library of Congress Classification
Koha item type Books
Suppress in OPAC No
999 ## -
-- 4525
-- 4525
Holdings
Withdrawn status Lost status Source of classification or shelving scheme Damaged status Not for loan Collection Home library Current library Shelving location Date acquired Total checkouts Full call number Barcode Date last seen Copy number Price effective from Koha item type
    Library of Congress Classification     Non-fiction Law Library (Christ Temple) Law Library (Christ Temple) General stacks 03/05/2025   KD4879 STO LLCT00000434 03/05/2025 1 03/05/2025 Books
    Library of Congress Classification     Non-fiction Law Library (Christ Temple) Law Library (Christ Temple) General stacks 03/05/2025   KD4879 STO LLCT00000435 03/05/2025 2 03/05/2025 Books
    Library of Congress Classification     Non-fiction Law Library (Christ Temple) Law Library (Christ Temple) General stacks 03/05/2025   KD4879 STO LLCT00000436 03/05/2025 3 03/05/2025 Books
© 2023-2024 Copyright: Central University Libraries. All Rights Reserved | Created by: Mahone Tech Office